1781 1902 1417 1341 1760 1030 1020 1251 1541 1098 1601 1166 1055 1442 1574 1647 1827 1249 1620 1397 1606 1535 1088 1495 1517 1480 1150 1770 1502 1607 1667 1430 1803 1738 1269 1802 1563 1501 1121 1281 1589 1758 1408 1945 1738 1986 1807 1899 1095 1032 1772 1239 1169 1988 1736 1931 1029 1064 1215 1348 1561 1358 1750 1977 1894 1208 1842 1000 1187 1303 1257 1248 1922 1725 1322 1089 1406 1250 1705 1000 1234 1264 1657 1088 1253 1768 1625 1797 1330 1683 1594 1536 1220 1156 1012 1523 1366 1323 1052 BCNSPRNW ULIB Ver.6.0+V

เปลี่ยนเป็นภาษาไทย

Change to English
 แสดงรายละเอียดบรรณานุกรม
  กลับหน้าหลัก

Brief Record : Get Marc (ISO 2709) : E-mail record : QR code < ปิดหน้าต่าง
LEADER : 00000nam 2200000uu 4500
001    13399123470
003     ULIB
008    020711s2556 th a 000 0 tha d
020    9786162232510
060    WY154^bก469ผ
100    สุจิตรา ลิ้มอำนวยลาภ
245    การปฏิบัติการพยาบาลผู้ป่วยผู้ใหญ่ระยะวิกฤต^bNursing practicum in critically ill adult patient/^cสุจิตรา ลิ้มอำนวยลาภ และคณะ
250    พิมพ์ครั้งที่ 8
260    ขอนแก่น :^bโรงพิมพ์คลังนานาวิทยา,^c2556
300    281 หน้า;^b26 ซม.
650    การพยาบาลผู้ป่วยวิกฤต^xคู่มือปฏิบัติการ
650    ผู้ป่วยหนัก^xการพยาบาล
650    การดูแลขั้นวิกฤต
945    ^p300^l0^i20783
945    ^p300^l0^i20784
945    ^p300^l0^i20785
945    ^p300^l0^i20786
945    ^p300^l0^i20787
รายการนี้ยังไม่มีแท็ก
คุณยังไม่ได้ล็อกอิน คุณสามารถมีกิจกรรมร่วมกับเว็บไซต์ได้ แต่ต้องล็อกอินก่อน ::
  ล็อกอิน

รายการสื่อสารสนเทศ

ลำดับที่ ประเภท เลขเรียก/บาร์โค้ด สถานที่ สถานะ
1. Book การพยาบาล
Book การพยาบาล
สถานะ=หนังสือเก่า
WY154 ก469ผ ฉ.1 
  Barcode: 20783
ห้องสมุดวิทยาเขตนครสวรรค์
►ส่วนจัดเก็บหนังสือเก่า นว.
บนชั้น
  ขอยืม
2. Book การพยาบาล
Book การพยาบาล
สถานะ=หนังสือเก่า
WY154 ก469ผ ฉ.2 
  Barcode: 20784
ห้องสมุดวิทยาเขตนครสวรรค์
►ส่วนจัดเก็บหนังสือเก่า นว.
บนชั้น
  ขอยืม
3. Book การพยาบาล
Book การพยาบาล
สถานะ=หนังสือเก่า
WY154 ก469ผ ฉ.3 
  Barcode: 20785
ห้องสมุดวิทยาเขตนครสวรรค์
►ส่วนจัดเก็บหนังสือเก่า นว.
บนชั้น
  ขอยืม
4. Book การพยาบาล
Book การพยาบาล
สถานะ=หนังสือเก่า
WY154 ก469ผ ฉ.4 
  Barcode: 20786
ห้องสมุดวิทยาเขตนครสวรรค์
►ส่วนจัดเก็บหนังสือเก่า นว.
บนชั้น
  ขอยืม
5. Book การพยาบาล
Book การพยาบาล
สถานะ=หนังสือเก่า
WY154 ก469ผ ฉ.5 
  Barcode: 20787
ห้องสมุดวิทยาเขตนครสวรรค์
►ส่วนจัดเก็บหนังสือเก่า นว.
บนชั้น
  ขอยืม

รายการใกล้เคียง
    ผู้แต่ง [สุจิตรา ลิ้มอำนวยลาภ]

    หัวเรื่อง [การดูแลขั้นวิกฤต]

BibComment


ยังไม่เคยถูกคอมเมนท์

คอมเมนท์ทรัพยากรรายการนี้
  คอมเมนท์: การปฏิบัติการพยาบ..


 Copyright 2026. Bcnsprnw @Library